000 00438nam a2200181Ia 4500
008 230725s xx 000 0 und d
041 _aeng
082 _a615.4
_bCAR
100 _aCARFTST,SEARS
245 _aCOOPER AND GUNN'S DISPENSING FOR PHARMACEUTICAL STUDENTS
260 _bC.B.S. PUBLISHERS & DISTRUTORS
300 _a652
365 _h17
500 _aTEXT BOOK
501 _aPH
520 _aPB
650 _aPHARMACEUTICS
999 _c767482
_d767482